000 00567nam a22001937a 4500
005 20130614121512.0
010 _aENG-107454
020 _a9788191055085
_c795.00
035 _aEN-90987
037 _bDBAD/PUB
082 _a270.82
100 _aSharma, S.K.
245 _aWomen & Islam /
_cby S.K.Sharma
260 _aNew Delhi
_bShakti Publishers and Distributors
_c2011
270 _aH-12, Jagat Puri,
_bDelhi
_e110051
300 _a279p.
_c22cm(Hb)
500 _aIncludes bibliographical references and index
942 _2ddc
_cEN
_mSHA
_h270.82
999 _c76384
_d76384